| 000 | 01187nam a2200301 i 4500 | ||
|---|---|---|---|
| 001 | 186227 | ||
| 003 | SpMaBN | ||
| 005 | 20250719165612.0 | ||
| 008 | 160921s2015 sp c |||| |aglg | ||
| 020 | _a978-84-9865-621-3 (Fundación Otero Pedrayo; v. 2) | ||
| 020 | _a978-84-9865-621-3 (Galaxia; v. 2) | ||
| 080 | _a929 Otero Pedrayo, Ramón | ||
| 100 | 1 |
_aOtero Pedrayo, Ramón, _d1888-1976 _987917 |
|
| 245 | 1 | 0 |
_aLembranzas do meu vivir. _nII / _cRamón Otero Pedrayo ; edición e notas Joaquim Ventura ; prólogo, Ramón Villares. |
| 250 | _a1ª ed. | ||
| 260 |
_aVigo : _bGalaxia, _c-<2015> |
||
| 300 |
_a1 v. (408 p., 1 retr.) ; _c21 cm. |
||
| 490 | 1 |
_aBiblioteca Otero Pedrayo ; _v9 |
|
| 505 | 8 |
_aContiene: 2 ; _tOs tempos da universidade, Madrid, 1904-1912 |
|
| 600 | 1 | 4 |
_aOtero Pedrayo, Ramón, _d1888-1976 _987917 |
| 700 | 1 |
_aVentura, Joaquim, _d1954- _9160949 |
|
| 700 | 1 |
_aVillares, Ramón, _d1951- _9115116 |
|
| 740 | 3 | 2 | _aOs tempos da universidade, Madrid, 1904-1912. |
| 830 | 0 |
_aBiblioteca Otero Pedrayo ; _v9 _9225370 |
|
| 852 |
_aES-MaACL _jA-13817 _9193282 _bR.150949 _cDEPO1 _dOlim: N-6817 |
||
| 942 |
_2udc _cMONOGRAFIA |
||
| 999 |
_c186227 _d186227 |
||